LEADER 01296nam0 22003011i 450 001 UON00328183 005 20231205104209.368 100 $a20090729d1987 |0itac50 ba 101 $arum$aFRE 102 $aRO 105 $a|||| 1|||| 200 1 $aPoésies$dPoezii$fMihai Eminescu$gprezentare si traducere de Jean-Louis Courriol 205 $aBucuresti : Cartea Romaneasca$b1987 210 $a141 p.$a17 cm 215 $aIn francese con testo rumeno a fronte. 316 $aEx inventario : Dipartimento di Studi lett. e ling. dell'Occ. 45072.$5IT-UONSI FONDOONCIULESCUA/0419 510 1$3UON00378499$aPoezii 620 $aRO$dBucure?ti$3UONL000071 676 $a859$cLetteratura romena e letterature ladine$v21 700 1$aEMINESCU$bMihai$3UONV156145$0447099 702 1$aCOURRIOL$bJean-Louis$3UONV186986 712 $aCartea Româneasc?$3UONV275426$4650 801 $aIT$bSOL$c20240220$gRICA 899 $aSIBA - SISTEMA BIBLIOTECARIO DI ATENEO$2UONSI 912 $aUON00328183 950 $aSIBA - SISTEMA BIBLIOTECARIO DI ATENEO$dSI FONDO ONCIULESCU A 0419 $eSI EO 42713 5 0419 Ex inventario : Dipartimento di Studi lett. e ling. dell'Occ. 45072.$sDeteriorato 996 $aPoésies$91367862 997 $aUNIOR